Les 20 plus grandes villes de France sans la lettre R - Statistiques

Statistiques générales
  • Ce quiz a été pris 127 fois
  • Le résultat moyen est 14 sur 20
Statistiques - réponses
Numéro Rang original Ville % Correct
1 3 Lyon
100%
5 10 Lille
95%
2 4 Toulouse
95%
3 5 Nice
94%
4 6 Nantes
90%
6 12 Toulon
81%
8 17 Dijon
76%
18 38 Caen
74%
16 31 Metz
71%
7 14 Saint-Étienne
71%
10 21 Nîmes
67%
13 28 Amiens
66%
12 25 Le Mans
64%
14 29 Annecy
58%
9 20 Saint-Denis (La Réunion)
57%
11 22 Saint-Denis (Seine-Saint-Denis)
57%
15 30 Limoges
51%
20 41 Mulhouse
51%
17 34 Besançon
45%
19 40 Saint-Paul
20%
Aucun quiz correspondant
Distribution des résultats
% des personnes avec chaque résultat
Percentile par nombre de réponses
Votre historique - résultats
Vous n’avez pas pris ce quiz